000 00456nam a2200097Ia 4500
008 180130s9999 xx 000 0 und d
245 _cYun, Jihyeok; Singh, Deepak Kumar; Suh, Doug Young
_aDynamic voltage and frequency scaling over delay-constrained mobile multimedia service using approximated relative complexity estimation
260 _c2016
300 _aBook title: Embedded system design--Acession number C20733; pages 175-187
650 _aSYSTEM DESIGN
999 _c354362
_d354362